000 00417nam a2200145 a 4500
001 000036990
005 20200930080052.0
008 120207s1972 dr 000 0 spa d
040 _aDO-SdBNP
_bspa
_cBNPHU
082 _axxxx
_bF954e
100 1 _aFuente, Tomás
_963381
245 1 0 _aEstudios fáciles en el evangelio de Juan. /
_cTomás Fuente.
260 _a[s. l.
_ns. n.]
_c1972.
300 _a64 p. :
_bils. ;
_c22 cm.
999 _c36480
_d36480